[Event "Mittelrhein Verbandsliga West 1920"]
[Site "Mittelrhein"]
[Date "2019.09.29"]
[Round "1.2"]
[White "Plum, Karl"]
[Black "Stoimenov, Kalojan"]
[Result "0-1"]
[WhiteElo "1792"]
[BlackElo "1950"]
[PlyCount "44"]
[EventDate "2019.09.29"]
[EventType "team-tourn"]
[EventRounds "9"]
[EventCountry "GER"]
[SourceTitle "EXT 2023"]
[Source "ChessBase"]
[SourceDate "2022.10.05"]
[SourceVersion "1"]
[SourceVersionDate "2022.10.05"]
[SourceQuality "1"]
[WhiteTeam "Kalterherberg"]
[BlackTeam "Aachen SV III"]
[WhiteTeamCountry "GER"]
[BlackTeamCountry "GER"]

1. e4 d5 2. d4 dxe4 3. Bc4 Nf6 4. c3 e6 5. Bg5 Be7 6. Nd2 Nbd7 7. Qe2 c5 8. f3 cxd4 9. cxd4 exf3 10. Ngxf3 0-0 11. 0-0 a6 12. Rae1 Nb6 13. Bd3 Nbd5 14. Ne4 Bd7 15. Ne5 Bb5 16. Rf3 Bxd3 17. Qxd3 Nxe4 18. Bxe7 Nxe7 19. Qxe4 Qd5 20. Qh4 Nf5 21. Rxf5 exf5 22. Nf3 f6 0-1